000 00719nam a2200229 i 4500
001 bg
245 0 0 _aFilozofia wobec problemów globalizacji /
_cred. Bogna Choińska, Stefan Konstańczak, Małgorzata Olech ; Akademia Pomorska w Słupsku.
260 _aSłupsk :
_bWydawnictwo Naukowe Akademii Pomorskiej,
_c2008.
300 _a246 s. ;
_c21 cm.
650 9 _aFilozofia
_xa globalizacja
700 1 _aChoińska, Bogna.
_eRed.
700 1 _aKonstańczak, Stefan.
_eRed.
700 1 _aOlech, Małgorzata.
_eRed.
020 _a9788374670937
040 _cBPK
041 _apol
044 _aPOL
080 _a1:005.44
920 _a978-83-7467-093-7
942 _cKS
008 090625s2008 pl a |000 0 pol
999 _c56341
_d56341
856 _uhttp://koha.tu.koszalin.pl/cgi-bin/koha/opac-detail.pl?biblionumber=56341
_yKatalog online BPK